Taylor Swift - Devine la chanson sans indices #39 - Statistiques

Statistiques générales
  • Ce quiz a été pris 361 fois
  • Le résultat moyen est 338 sur 478
Statistiques - réponses
Réponse % Correct
I
99%
(I)
99%
you
98%
(you)
98%
(you
98%
a
97%
the
95%
The
95%
me
93%
love
92%
Oh
92%
oh
92%
(ooh)
92%
(oh)
89%
my
88%
My
88%
your
87%
(your
87%
it
86%
be
85%
and
83%
And
83%
is
83%
to
82%
(to)
82%
for
81%
For
81%
on
80%
of
78%
you're
78%
You're
78%
Don't
77%
I'm
75%
so
73%
was
73%
If
72%
(if)
72%
life
72%
this
72%
no)
71%
I'll
70%
(I'll
70%
time
70%
time''
70%
baby
68%
baby)
68%
made
67%
They
67%
too
67%
but
66%
rest
66%
blame
65%
crazy
65%
say
65%
been
64%
doesn't
64%
I've
62%
right
62%
right)
62%
Just
61%
just
61%
(just)
61%
would
61%
(would)
61%
Lord
59%
drug
58%
mine
58%
doin'
57%
(doin'
57%
long
55%
ain't
54%
I'd
54%
Every
53%
every
53%
get
53%
usin'
53%
Usin'
53%
usin')
53%
save
52%
"She's
51%
usin
51%
from
50%
now
50%
first
49%
mind
49%
with
48%
gone
47%
stay
46%
lovin'
45%
far
44%
touch
44%
them
41%
away
40%
beg
40%
face
40%
knees
39%
walk
39%
call
38%
high
38%
line
38%
touchin'
38%
waste
38%
cross
37%
name
37%
daisy
36%
gonna
36%
decide
35%
Echoes
35%
(echoes)
35%
loose
35%
need
35%
breakin'
34%
happen
34%
once
34%
Something
34%
whatever
34%
hearts
33%
use
33%
fall
32%
grace
31%
inside
31%
poison
31%
ivy
29%
guys
28%
Halo
28%
paradise
26%
Shakin
25%
Trip
25%
insane,
23%
obsession
23%
Toyin'
23%
hiding
22%
darkest
20%
little
20%
playthings
18%
olders
17%
pacin'
17%
Aucun quiz correspondant
Distribution des résultats
% des personnes avec chaque résultat
Percentile par nombre de réponses
Votre historique - résultats
Vous n’avez pas pris ce quiz